MARC details
| 000 -CABECERA |
| campo de control de longitud fija |
04326nam a2200493Ia 4500 |
| 001 - NÚMERO DE CONTROL |
| campo de control |
dia_3674 |
| 003 - IDENTIFICADOR DEL NÚMERO DE CONTROL |
| campo de control |
CHAP |
| 005 - FECHA Y HORA DE LA ÚLTIMA TRANSACCIÓN |
| campo de control |
20250619175704.0 |
| 007 - CAMPO FIJO DE DESCRIPCIÓN FÍSICA--INFORMACIÓN GENERAL |
| campo de control de longitud fija |
ta |
| 008 - DATOS DE LONGITUD FIJA--INFORMACIÓN GENERAL |
| campo de control de longitud fija |
220117s2006 mx abdefrm 001 0 spa d |
| 010 ## - NÚMERO DE CONTROL DE LA BIBLIOTECA DEL CONGRESO |
| Número de control de LC |
174215 |
| 040 ## - FUENTE DE LA CATALOGACIÓN |
| Centro/agencia transcriptor |
CHAP |
| Centro catalogador/agencia de origen |
mxchpua |
| Normas de descripción |
rda |
| 041 0# - CÓDIGO DE LENGUA |
| Código de lengua del texto/banda sonora o título independiente |
spa |
| Código de lengua del sumario o resumen |
eng |
| 090 ## - LOCALMENTE ASIGNADO TIPO-LC NÚMERO DE CLASIFICACIÓN (OCLC); NÚMERO DE CLASIFICACIÓN LOCAL (RLIN) |
| Número de clasificación (OCLC) (R) ; Numero de clasificación, CALL (RLIN) (NR) |
Tesis |
| Número cutter local (OCLC) ; Número de libro/Signatura topográfica íntegra, CALL (RLIN) |
A95 |
| año |
2006 |
| 100 1# - ENTRADA PRINCIPAL--NOMBRE DE PERSONA |
| Nombre de persona |
Avila Martínez, Joaquín |
| 245 10 - MENCIÓN DE TÍTULO |
| Título |
Estudio de factibilidad tecnico-económica para el establecimiento de una planta procesadora de frutas en el municipio de San Martín Texmelucan, Puebla / |
| Mención de responsabilidad, etc. |
Joaquín Ávila Martínez |
| 264 ## - PRODUCCIÓN, PUBLICACIÓN, DISTRIBUCIÓN, FABRICACIÓN Y COPYRIGHT |
| Producción, publicación, distribución, fabricación y copyright |
Chapingo, México : |
| Nombre del de productor, editor, distribuidor, fabricante |
El autor, |
| Fecha de producción, publicación, distribución, fabricación o copyright |
2006 |
| 300 ## - DESCRIPCIÓN FÍSICA |
| Extensión |
107 hojas : |
| Otras características físicas |
ilustraciones, mapas, gráficas, diagramas, tablas, fotos, planos |
| 336 ## - TIPO DE CONTENIDO |
| Fuente |
rdacontent |
| Término de tipo de contenido |
texto |
| Código de tipo de contenido |
txt |
| 337 ## - TIPO DE MEDIO |
| Fuente |
rdamedia |
| Nombre/término del tipo de medio |
no mediado |
| Código del tipo de medio |
n |
| 338 ## - TIPO DE SOPORTE |
| Fuente |
rdacarrier |
| Nombre/término del tipo de soporte |
volumen |
| Código del tipo de soporte |
nc |
| 500 ## - NOTA GENERAL |
| Nota general |
El plano está incluido en el reporte. |
| 502 ## - NOTA DE TESIS |
| Nota de tesis |
Formulación y Evaluación de Proyectos |
| Tipo de título |
(Ingeniero Agroindustrial) -- |
| Nombre de la institución que otorga el título |
UACh. Departamento de Ingeniería Agroindustrial, |
| Año de obtención del título |
2006 |
| 504 ## - NOTA DE BIBLIOGRAFÍA, ETC. |
| Nota de bibliografía, etc. |
Bibliografía: hojas 103-107 |
| 505 0# - NOTA DE CONTENIDO CON FORMATO |
| Nota de contenido con formato |
1 plano --<br/>1. Plano de distribución de áreas y equipo |
| 520 3# - SUMARIO, ETC. |
| Sumario, etc. |
El presente estudio muestra las principales características para conformar un proyecto de inversión para establecer una planta procesadora de frutas en el municipio de San Martín Texmelucan, Puebla con la finalidad de aprovechar la producción de frutas de la región. Esta investigación ubica a las mermeladas dentro del mercado de frutas procesadas en el mundo y su comportamiento comercial enel mercado mexicano. Para determinar la rentabilidad de este proyecto se utilizó el método de Evaluación de Proyectos y sus principales indicadores financieros. Las frutas que se toman en cuenta son: piña, durazno, Chabacano, mango, ciruela y tejocote, las cuales serán procesadas de acuerdo a su estacionalidad. La planta producirá una tonelada por cada turno de ocho horas. Los resultados obtenidos mostraron que se puede obtener una Tasa Interna de Retorno (TIR) de 40.65% a partir de una inversión de $2,112,955.83 con un periodo de recuperación de 3 años con un mes y una relación Beneficio Costo d $1.05. También se obtiene un Valor Actual Neto (VAN) de $1,455, 560.00 con un factor de actualización de 20%. Estos resultados permiten dar un dictamen favorable debido a que la TIR es superior al factor de actualización con un 20.65%. -- |
| 520 3# - SUMARIO, ETC. |
| Sumario, etc. |
The present study shows the main characteristics to conform an investment project establish a plant fruit processor in the municipality of San Martin Texmelucan, Puebla, with the purpose of taking advantage of the production of fruits ofregion. This investigation locates to the marmalades inside the market of fruits processed in the world and its commercial behavior in the Mexican market. To determine the profitability of this project it was used the method of Evaluation of Projects and their main financial indicators. The fruits that take into account are: pineapple, peach, cheap, mango, plum and tejocote, which will be processed according to their stationality. The plant will produce a ton for each shift of eight hours. The obtained results showed that one can obtain an Internal Rate of Return (IRR) of 40.65% starting from an investment of S2'112,955.83 with a period of 3 year-old recovery with one month and a Benefit-Cost ratio of S1.05 a Net Present Worth (NPW) of $1'455.560.00 it is Also obtained with a Factor Of Upgrade of 20%. These results allow to give a favorable verdict because the IRR is superior to the Factor Of Upgrade with 20.65%. |
| 650 13 - PUNTO DE ACCESO ADICIONAL DE MATERIA--TÉRMINO DE MATERIA |
| Término de materia o nombre geográfico como elemento de entrada |
Frutos |
| Fuente del encabezamiento o término |
atg |
| 650 13 - PUNTO DE ACCESO ADICIONAL DE MATERIA--TÉRMINO DE MATERIA |
| Término de materia o nombre geográfico como elemento de entrada |
Iniciativa empresarial |
| Subdivisión geográfica |
México |
| -- |
Puebla |
| Fuente del encabezamiento o término |
atg |
| 650 13 - PUNTO DE ACCESO ADICIONAL DE MATERIA--TÉRMINO DE MATERIA |
| Término de materia o nombre geográfico como elemento de entrada |
Plantas procesadoras de alimentos |
| Fuente del encabezamiento o término |
atg |
| 650 13 - PUNTO DE ACCESO ADICIONAL DE MATERIA--TÉRMINO DE MATERIA |
| Término de materia o nombre geográfico como elemento de entrada |
Entrepreneurship |
| Subdivisión geográfica |
Mexico |
| -- |
Puebla |
| Fuente del encabezamiento o término |
atg |
| 650 13 - PUNTO DE ACCESO ADICIONAL DE MATERIA--TÉRMINO DE MATERIA |
| Término de materia o nombre geográfico como elemento de entrada |
Food processing plants |
| Fuente del encabezamiento o término |
atg |
| 650 13 - PUNTO DE ACCESO ADICIONAL DE MATERIA--TÉRMINO DE MATERIA |
| Término de materia o nombre geográfico como elemento de entrada |
Fruits |
| Fuente del encabezamiento o término |
atg |
| 700 1# - PUNTO DE ACCESO ADICIONAL--NOMBRE DE PERSONA |
| Nombre de persona |
Sánchez Peña, José Víctor |
| Término indicativo de función/relación |
director |
| 700 1# - PUNTO DE ACCESO ADICIONAL--NOMBRE DE PERSONA |
| Nombre de persona |
Ascencio Rivera, J. Rogelio |
| Término indicativo de función/relación |
asesor |
| 700 1# - PUNTO DE ACCESO ADICIONAL--NOMBRE DE PERSONA |
| Nombre de persona |
Ponce Hernández, Pedro |
| Término indicativo de función/relación |
asesor |
| 856 42 - LOCALIZACIÓN Y ACCESO ELECTRÓNICOS |
| Identificador Uniforme del Recurso |
<a href="http://10.13.5.2/tesis/104176.pdf">http://10.13.5.2/tesis/104176.pdf</a> |
| Texto de enlace |
DESCARGAR PDF |
| 901 ## - ELEMENTOS DE DATOS A LOCAL LDA (RLIN) |
| a |
TESIS A95 2006 |
| 942 ## - ELEMENTOS DE PUNTO DE ACCESO ADICIONAL (KOHA) |
| Tipo de ítem Koha |
TESIS |
| Fuente del sistema de clasificación o colocación |
Clasificación Universidad Autónoma Chapingo |
| 902 ## - ELEMENTOS DE DATOS B LOCAL, LDB (RLIN) |
| a |
M |
| 905 ## - ELEMENTOS DE DATOS E LOCAL, LDE (RLIN) |
| a |
5232272006 mx nma 8223123322spa16 |